In the company of educated women: a history of women and higher education in America (Record no. 493167)

000 -LEADER
fixed length control field 00408cam a22001217a 4500
008 - FIXED-LENGTH DATA ELEMENTS--GENERAL INFORMATION
fixed length control field 180718b1987 xxu||||| |||| 00| 0 eng d
082 ## - DEWEY DECIMAL CLASSIFICATION NUMBER
Classification number Px73 So54
100 ## - MAIN ENTRY--PERSONAL NAME
Personal name Solomon, Barbara Miller
245 ## - TITLE STATEMENT
Title In the company of educated women: a history of women and higher education in America
Statement of responsibility, etc. by Barbara Miller Solomon
260 ## - PUBLICATION, DISTRIBUTION, ETC.
Place of publication, distribution, etc. New Delhi
Name of publisher, distributor, etc. Asian Books
Date of publication, distribution, etc. 1987
300 ## - PHYSICAL DESCRIPTION
Extent 298p.
650 ## - SUBJECT ADDED ENTRY--TOPICAL TERM
Topical term or geographic name entry element Women education - USA
Holdings
Withdrawn status Lost status Damaged status Not for loan Permanent Location Current Location Date acquired Full call number Barcode Date last seen Price effective from Koha item type
        Indian Institute of Public Administration Indian Institute of Public Administration 2018-08-04 Px73 So54 GR17343 2018-08-04 2018-08-04 GR

Powered by Koha